| 000 | 00474nam a22001697a 4500 | ||
|---|---|---|---|
| 005 | 20140310183650.0 | ||
| 008 | 140113b xxu||||| |||| 00| 0 eng d | ||
| 020 | _a9789381460139 | ||
| 050 |
_aTX 911.3.M3 _b.C531 2012 |
||
| 100 | _aChhaya, Bhavi | ||
| 245 |
_aHospitality promotion and advertisement management / _cBhavi Chhaya. |
||
| 260 |
_aIndia : _bCentrum Press., _c2012. |
||
| 300 |
_a248 p. : _c23 cm. |
||
| 521 | _aTOU | ||
| 942 |
_2lcc _cBK _kFOR |
||
| 999 |
_c26045 _d26045 |
||